Kalendár Života 2006 pohľad na Krempachy a panorámu Tatier

Bibliographic Details
Other Authors: Paciga, F. (Photographer)
Format: Photo
Language:Slovak
PhysicalDescription:1 kalendár ([6] listov) fareb. 39 x 31 cm
Published: Krakov Redakcia života Ústredný výbor Spolku Slovákov v Poľsku [2005]
Subjects:

MARC

LEADER 00000nkm a2200000 a 4500
001 vtls010041151
003 SK-MaSNL
005 20260302011003.0
007 kf cou
008 200701s2005 pl kuslo
015 |a SNBZSG2010-00004 
040 |a SNK  |b slo  |c SNK  |e AACR2 
041 0 |a slo 
043 |a e-pl--- 
044 |a pl  |c PL 
080 |a 316.022.4(=162.4)  |x (438)  |x (059)  |2 2001 
245 0 0 |a Kalendár Života 2006  |h grafika  |b pohľad na Krempachy a panorámu Tatier  |c foto F. Paciga 
260 |a Krakov  |b Redakcia života  |b Ústredný výbor Spolku Slovákov v Poľsku  |c [2005] 
300 |a 1 kalendár ([6] listov)  |b fareb.  |c 39 x 31 cm 
500 |a Mesačný kalendár 
650 0 7 |a národnostné menšiny  |z Poľsko  |2 SNKPH  |9 324238 
650 0 7 |a Slováci  |z Poľsko  |2 SNKPH  |9 324239 
655 7 |a nástenné kalendáre  |2 SNKPH  |9 70664 
700 1 |a Paciga, F.  |4 pht  |9 650864 
958 |a GBN 
958 |a ZS 
958 |a NM 
958 |a PL 
999 |c 1004414  |d 1006344 
952 |a SNK  |b SNK  |y PREZ  |7 0  |p 17A0659259  |o snkOSB 15813  |i snk2010/10291  |8 2  |g 1.82  |0 0  |1 0  |4 0  |d 2010-01-20  |l 0  |r 2026-02-24 12:31:28  |w 2026-02-24